Itinerario espiritual de los Doce : en el evangelio de San Marcos /

El autor, conocedor de la Biblia, ofrece a partir del evangelio de San Marcos una interpretación del camino catecumenal, es decir es una lectura para recorrer el camino espiritual de los apóstoles para ayuda a la meditación en los ejercicios espirituales.

Shranjeno v:
Bibliografske podrobnosti
Glavni avtor: Martini, Carlo Maria (autor)
Drugi avtorji: Ochoa Gómez, Gabriel (presentación) (presentación)
Format: Knjiga
Jezik:španščina
Izdano: México : Buena Prensa, 1999, c1999
Teme:
Oznake: Označite
Brez oznak, prvi označite!

MARC

LEADER 00000nam^a2200000^a^4500
001 000186975
005 20250521000000.0
009 20260310102244.08
020 |a 968-7693-76-2 
037 |a Acervo ITESO - Biblioteca 
041 |a ESP 
082 |a 226. 306  |b MAR 
100 |a Martini, Carlo Maria  |e (autor) 
245 1 0 |a Itinerario espiritual de los Doce :  |b en el evangelio de San Marcos /  |c C.M. Martini ; presen. de G. Ochoa Gómez. 
264 4 |a México :  |b Buena Prensa,  |c 1999, c1999 
300 |a 95 p. 
336 |a texto  |b txt  |2 rdacontenido 
337 |a sin mediación  |b n  |2 rdamedio 
338 |a volumen  |b nc  |2 rdasoporte 
520 |a El autor, conocedor de la Biblia, ofrece a partir del evangelio de San Marcos una interpretación del camino catecumenal, es decir es una lectura para recorrer el camino espiritual de los apóstoles para ayuda a la meditación en los ejercicios espirituales. 
649 |a XX 
650 |a Apóstoles 
650 |a Biblia -  |x Nuevo Testamento -  |x Evangelios -  |x Marcos -  |x Historia y Crítica 
650 |a Vida Espiritual 
650 |a Cristianismo 
650 |a Catolicismo 
650 |a Religión 
700 |a Ochoa Gómez, Gabriel  |e (presentación) 
910 |a Fondo General 
920 |a Impresos - Libros 
930 |a Colección General 
905 |a 101 
901 |a 0500129024  |b IT1  |c ACC  |u 20250521 
902 |a https://opac.biblio.iteso.mx/vufind/Record/000186975